000 01585cac a2200373 i 4500
003 EG-GICUC
005 20260121101721.0
008 091019s2009 ne frb 101 0 eng d
020 _a9789067042888
_qhbk.
020 _a9067042889
_qhbk.
040 _aDLC
_cDLC
_dDLC
_dEG-GICUC
_beng
_erda
050 0 0 _aK2123
_b.H54 2009
082 0 4 _221
_a341.511
092 0 4 _221
099 _aLaw 11 2009
245 0 0 _aHighest courts and the internationalisation of law :
_bchallenges and changes /
_cedited by Sam Muller and Marc Loth ; assistant editor, Jantine de Goei.
264 _aThe Hague :
_bHague Academic Press ;
_aWest Nyack, NY :
_bCambridge University Press [distributor],
_c2009.
300 _axiv, 216 p. ;
_c25 cm.
_billustrations,
336 _atext
_2rdacontent
337 _aComputer
_2rdamedia
338 _aOnline Resources
_2rdacarrier
490 0 _aHague colloquium on fundamental principles of law,
_x1877-279X
500 _aProceedings of a Colloquium organized by the Hague Institute for the Internationalisation of Law, June 30-July 1, 2006.
504 _aIncludes bibliographical references (p. 195-211) and index.
650 0 _aCourts of last resort
_vCongresses.
650 0 _aLaw and globalization
_vCongresses.
655 7 _aConference papers and proceedings.
_2lcgft
_0https://id.loc.gov/authorities/genreForms/gf2014026068
700 1 _aMuller, Sam,
_d1964-
700 1 _aLoth, M. A.
_q(Marc A.),
_d1956-
700 1 _aGoei, Jantine de.
856 4 0 _uhttps://fll.law.cu.edu.eg/fulltext/bks/ENGB11-00046.pdf
905 _a10
942 _2ddc
_cBK
_e21
_n0
999 _c56671
_d56671